000 00453nam a2200181Ia 4500
001 12705
005 20260306163001.0
008 260306t2019||||xx |||||||||||||| ||spa||
041 _aESP
082 _aHR 720
_bN° 7 2019 TM
100 _aRivera, David,
_eAUT
245 0 _aTeatro marittimo :
_brevista de arquitectura + cine
260 _c2019
300 _a155 páginas :
_c25 cm.
650 _aGEN
654 _aCAU
942 _cREV
_dJUS
_fJUS
_2ddc
_n
999 _c12705
_d12705